000 00611nam a2200169 i 4500
001 24776
003 ES-MaACL
005 20230906153127.0
007 t|
008 021218s1925 sp ||||1| spa d
245 0 0 _aEstadística del trabajo
_b: anuario de 1923 /
_cJunta Local de Reformas Sociales.
260 _aMadrid :
_b[Ayuntamiento de Madrid, Junta Local de Reformas Sociales,
_c1925] (
_fImp. Municipal)
300 _a63 p. ;
_c31 cm.
650 4 _aTrabajo-
_zMadrid-
_vEstadísticas.
_9172099
710 1 _aMadrid.
_bAyuntamiento.
_bJunta Local de Reformas Sociales.
_95580
852 _aES-MaACL
_j1682-F-10
999 _c24776
_d24776